000 00464nam a2200169 i 4500
001 133849
003 ES-MaACL
005 20230906194538.0
007 t|
008 070903s1916 xxu ||||1| eng d
100 1 _aWright, Irene A.
_9117412
245 1 4 _aThe early history of Cuba /
_cpor I. A. Wright.
260 _aNew York :
_bThe Macmillan,
_c1916.
300 _aXVIII, 390 p. ;
_c20 cm.
651 4 _aCuba-
_xHistoria.
_98094
852 _aES-MaACL
_jF-7661
999 _c133849
_d133849